[Event "BPB Limburg open A"]
[Site "Maastricht"]
[Date "2014.06.07"]
[Round "3"]
[White "Dek, Lennart"]
[Black "Den Hartog, Marijn"]
[Result "1/2-1/2"]
[WhiteElo "2256"]
[BlackElo "2036"]
[PlyCount "82"]
[EventDate "2014.06.06"]
[EventType "swiss"]
[EventRounds "7"]
[EventCountry "NED"]
[Source "P.Boonen"]
[SourceDate "2014.10.10"]

1. e4 e6 2. d4 d5 3. Nc3 Bb4 4. e5 Qd7 5. f4 b6 6. Nf3 Ne7 7. a3 Bxc3+ 8. bxc3
Ba6 9. Bxa6 Nxa6 10. a4 Nb8 11. O-O Nbc6 12. Ba3 Na5 13. Qd3 Nc4 14. Nd2 Nxd2
15. Qxd2 Nc6 16. f5 O-O-O 17. fxe6 Qxe6 18. Bb4 a5 19. Ba3 Rd7 20. Rf3 Nd8 21.
Qd3 Kb7 22. Rg3 g6 23. Rf3 Qc6 24. Bc1 Ne6 25. Bh6 Re8 26. Rf6 Qc4 27. Qxc4
dxc4 28. Raf1 Ree7 29. Bc1 c5 30. Ba3 Kc6 31. g4 Rb7 32. Kf2 Red7 33. Ke3 cxd4+
34. cxd4 b5 35. axb5+ Kxb5 36. Bd6 Kc6 37. Ra1 Rb5 38. Ke4 Ng5+ 39. Kf4 Ne6+
40. Ke4 Ng5+ 41. Kf4 Ne6+ 1/2-1/2

[Event "BPB Limburg open A"]
[Site "Maastricht"]
[Date "2014.06.07"]
[Round "3"]
[White "Driessens, Patrick"]
[Black "Coenen, Michael"]
[Result "1-0"]
[WhiteElo "2306"]
[BlackElo "2318"]
[PlyCount "59"]
[EventDate "2014.06.06"]
[EventType "swiss"]
[EventRounds "7"]
[EventCountry "NED"]
[Source "P.Boonen"]
[SourceDate "2014.10.10"]

1. d4 Nf6 2. c4 e6 3. Nc3 d5 4. cxd5 Nxd5 5. e4 Nxc3 6. bxc3 c5 7. a3 Be7 8.
Nf3 O-O 9. Bd3 cxd4 10. cxd4 b6 11. Qe2 Bb7 12. O-O Qc8 13. Bb2 Ba6 14. Rfd1
Bxd3 15. Rxd3 Nd7 16. d5 Nc5 17. d6 Rd8 18. dxe7 Rxd3 19. Ne5 Rb3 20. Ng4 e5
21. Rd1 h5 22. Ne3 Qc7 23. Nd5 Qd6 24. f4 Nd7 25. fxe5 Nxe5 26. Bxe5 Qxe5 27.
Qc4 Rxa3 28. Qc6 Rb8 29. Qc7 f6 30. Nxf6+ 1-0

[Event "BPB Limburg open A"]
[Site "Maastricht"]
[Date "2014.06.07"]
[Round "3"]
[White "Esser, Norbert"]
[Black "Senders, Mischa"]
[Result "0-1"]
[WhiteElo "2175"]
[BlackElo "2159"]
[PlyCount "82"]
[EventDate "2014.06.06"]
[EventType "swiss"]
[EventRounds "7"]
[EventCountry "NED"]
[Source "P.Boonen"]
[SourceDate "2014.10.10"]

1. e4 c5 2. Nf3 d6 3. d4 cxd4 4. Nxd4 Nf6 5. Nc3 a6 6. Bc4 e6 7. Bb3 b5 8. O-O
Be7 9. f4 O-O 10. f5 e5 11. Nde2 Bb7 12. Ng3 Nbd7 13. Bg5 Rc8 14. Bxf6 Nxf6 15.
Nh5 Nxh5 16. Qxh5 Rxc3 17. bxc3 Bxe4 18. Qg4 d5 19. a4 Qc7 20. axb5 axb5 21.
Ra6 Qxc3 22. Kh1 Kh8 23. Ra7 Bf6 24. Qe2 Qc6 25. Qd2 Qc5 26. Qa5 Bxc2 27. Rc7
Qxc7 28. Qxc7 Bxb3 29. Ra1 d4 30. Qc5 Rg8 31. Qxb5 Bc2 32. Qc4 Bxf5 33. Qxf7 d3
34. Qd5 h6 35. g4 Bg6 36. h4 Bxh4 37. Ra6 Rd8 38. Ra8 Rxa8 39. Qxa8+ Kh7 40.
Kg2 Bg5 41. Qb7 e4 0-1

[Event "BPB Limburg open A"]
[Site "Maastricht"]
[Date "2014.06.07"]
[Round "3"]
[White "Gijsen, Stief"]
[Black "Dischinger, Frank"]
[Result "1-0"]
[WhiteElo "2156"]
[BlackElo "2154"]
[PlyCount "97"]
[EventDate "2014.06.06"]
[EventType "swiss"]
[EventRounds "7"]
[EventCountry "NED"]
[Source "P.Boonen"]
[SourceDate "2014.10.10"]

1. d4 Nf6 2. c4 g6 3. Nc3 Bg7 4. e4 d6 5. Nf3 O-O 6. Be2 e5 7. O-O Nc6 8. Be3
Ng4 9. Bg5 f6 10. Bc1 Nh6 11. dxe5 dxe5 12. Nd5 Be6 13. h3 Rf7 14. Qb3 Rb8 15.
Be3 Rd7 16. Qc3 a5 17. Rfd1 Nf7 18. Ne1 f5 19. f3 Qh4 20. Bf2 Qg5 21. Qc1 Nd4
22. Bf1 Qd8 23. Nd3 b6 24. Bxd4 exd4 25. N3f4 Qe8 26. c5 b5 27. c6 Rxd5 28.
exd5 Bc8 29. Re1 Qf8 30. Nd3 Nd6 31. Qc5 Ra8 32. Re2 Bf6 33. Ne5 b4 34. Qxd4
Nb5 35. Qc4 Nd6 36. Qf4 g5 37. Qd2 Qg7 38. f4 Ba6 39. Ree1 Ne4 40. Rxe4 fxe4
41. Bxa6 Rxa6 42. d6 gxf4 43. Qd5+ Kh8 44. d7 Qf8 45. Nf7+ Kg7 46. d8=Q Bxd8
47. Nxd8 Qe7 48. Ne6+ Kh6 49. Qxe4 1-0

[Event "BPB Limburg open A"]
[Site "Maastricht"]
[Date "2014.06.07"]
[Round "3"]
[White "Goudriaan, Etienne"]
[Black "Arnelind, Mikael"]
[Result "1/2-1/2"]
[WhiteElo "2408"]
[BlackElo "2160"]
[PlyCount "63"]
[EventDate "2014.06.06"]
[EventType "swiss"]
[EventRounds "7"]
[EventCountry "NED"]
[Source "P.Boonen"]
[SourceDate "2014.10.10"]

1. d4 Nf6 2. c4 e6 3. Nc3 Bb4 4. Nf3 b6 5. Qc2 Bb7 6. a3 Bxc3+ 7. Qxc3 Ne4 8.
Qc2 d6 9. g3 Nd7 10. Bg2 f5 11. Ng5 Nxg5 12. Bxb7 Rb8 13. Bc6 h6 14. d5 O-O 15.
h4 Nh7 16. dxe6 Nc5 17. Bd5 Qe7 18. Bd2 Rbc8 19. b4 Nxe6 20. b5 Kh8 21. Bc3 Nc5
22. e3 Nf6 23. Bf3 Nfe4 24. Bd4 a5 25. O-O Qf7 26. Rad1 Rce8 27. Ba1 Re7 28.
Rd5 Qg6 29. Kh2 Nd7 30. Qd1 Ndf6 31. Bxf6 Qxf6 32. Rd4 1/2-1/2

[Event "BPB Limburg open A"]
[Site "Maastricht"]
[Date "2014.06.07"]
[Round "3"]
[White "Hansen, Victor"]
[Black "Kampman, Tijmen"]
[Result "1/2-1/2"]
[WhiteElo "2121"]
[BlackElo "2091"]
[PlyCount "117"]
[EventDate "2014.06.06"]
[EventType "swiss"]
[EventRounds "7"]
[EventCountry "NED"]
[Source "P.Boonen"]
[SourceDate "2014.10.10"]

1. d4 g6 2. c4 Bg7 3. Nc3 c5 4. e3 Nf6 5. Nf3 O-O 6. Bd3 d6 7. O-O Nc6 8. d5
Ne5 9. Nxe5 dxe5 10. Rb1 a5 11. a3 Nd7 12. e4 f5 13. f3 f4 14. Bd2 g5 15. Na4
Rf6 16. b4 axb4 17. axb4 b6 18. Be1 Qe8 19. bxc5 bxc5 20. Rb5 Rh6 21. Nxc5 Qh5
22. h4 Nxc5 23. Rxc5 gxh4 24. Rf2 h3 25. Bf1 hxg2 26. Bxg2 Qh2+ 27. Kf1 Rg6 28.
Rxc8+ Rxc8 29. Qb3 Qh6 30. c5 Kh8 31. c6 Bf6 32. c7 Bh4 33. Qb7 Rgg8 34. Bc3
Qd6 35. Rc2 Bf6 36. Bb4 Qd7 37. Rc6 h5 38. Qb6 Kh7 39. d6 h4 40. dxe7 h3 41.
Bxh3 Qxh3+ 42. Ke1 Qh1+ 43. Kd2 Qg2+ 44. Kc1 Qf1+ 45. Kc2 Qe2+ 46. Kb3 Qd1+ 47.
Kc4 Bg5 48. Qf2 Qd7 49. Qc5 Rg6 50. Rxg6 Kxg6 51. Qd6+ Qxd6 52. Bxd6 Kf7 53.
Kd5 Bxe7 54. Bxe5 Bg5 55. Kd6 Ke8 56. Ke6 Bh6 57. Bd6 Ra8 58. Be5 Rc8 59. Bd6
1/2-1/2

[Event "BPB Limburg open A"]
[Site "Maastricht"]
[Date "2014.06.07"]
[Round "3"]
[White "Helmer, Christoph"]
[Black "Wille, Thomas"]
[Result "1/2-1/2"]
[WhiteElo "2069"]
[BlackElo "2105"]
[PlyCount "106"]
[EventDate "2014.06.06"]
[EventType "swiss"]
[EventRounds "7"]
[EventCountry "NED"]
[Source "P.Boonen"]
[SourceDate "2014.10.10"]

1. d4 Nf6 2. c4 e6 3. Nc3 Bb4 4. e3 O-O 5. Bd3 d5 6. cxd5 exd5 7. Nge2 c6 8.
O-O Re8 9. a3 Bf8 10. f3 c5 11. Kh1 Nc6 12. Ng3 cxd4 13. exd4 g6 14. Bg5 Be6
15. f4 Bg4 16. Qb1 h6 17. Bh4 Kg7 18. Bxf6+ Qxf6 19. f5 g5 20. h3 Qd6 21. f6+
Kh8 22. Nf5 Bxf5 23. Rxf5 Qg3 24. Rxd5 Bd6 25. Rxd6 Qxd6 26. Qf1 Qf4 27. Qxf4
gxf4 28. Rf1 Re3 29. Be4 f3 30. Bxf3 Nxd4 31. Bxb7 Rae8 32. Rf4 Ne2 33. Nxe2
Rxe2 34. Bd5 R8e5 35. Bxf7 R2e4 36. Rxe4 Rxe4 37. Bd5 Rd4 38. Be6 Rd6 39. f7
Kg7 40. Bc4 a5 41. a4 Rd2 42. b3 h5 43. h4 Rd4 44. g3 Rd2 45. Kg1 Rc2 46. g4
hxg4 47. h5 g3 48. h6+ Kf8 49. h7 Rh2 50. h8=Q+ Rxh8 51. Kg2 Rh6 52. Kxg3 Rf6
53. Kg4 Kg7 1/2-1/2

[Event "BPB Limburg open A"]
[Site "Maastricht"]
[Date "2014.06.07"]
[Round "3"]
[White "Hovhanisian, Mher"]
[Black "Groffen, Hans"]
[Result "1-0"]
[WhiteElo "2520"]
[BlackElo "2190"]
[PlyCount "117"]
[EventDate "2014.06.06"]
[EventType "swiss"]
[EventRounds "7"]
[EventCountry "NED"]
[Source "P.Boonen"]
[SourceDate "2014.10.10"]

1. d4 f5 2. Nc3 Nf6 3. Bg5 d5 4. Bxf6 exf6 5. e3 Be6 6. Qf3 Nc6 7. Bb5 Qd7 8.
Nge2 a6 9. Ba4 g5 10. a3 b5 11. Bb3 O-O-O 12. h3 h5 13. h4 f4 14. exf4 g4 15.
Qd3 Na5 16. O-O Nc4 17. Bxc4 dxc4 18. Qe4 c6 19. Ng3 f5 20. Qe3 Bg7 21. Rfe1
Rhe8 22. d5 cxd5 23. Qb6 d4 24. Qxa6+ Qb7 25. Rxe6 Qxa6 26. Rxa6 dxc3 27. bxc3
Bxc3 28. Rb1 Kb7 29. Rh6 Re1+ 30. Rxe1 Bxe1 31. Nxf5 Rd1 32. Ne3 Rd2 33. Nf5
Bxf2+ 34. Kh2 Bc5 35. c3 Rd3 36. Rxh5 Rxc3 37. Ng3 Bxa3 38. Rxb5+ Kc6 39. Rg5
Rd3 40. Ne4 Rd4 41. Re5 Bd6 42. Nxd6 Kxd6 43. Kg3 Rd2 44. Re8 Kd7 45. Re4 c3
46. Rc4 c2 47. h5 Ke7 48. Rc7+ Kd8 49. Rc5 Ke7 50. h6 Kf7 51. Rc7+ Kg8 52. f5
Kh8 53. h7 Re2 54. Kf4 Rxg2 55. Kg5 c1=Q+ 56. Rxc1 Kxh7 57. Rc7+ Kg8 58. Kg6
Kf8 59. f6 1-0

[Event "BPB Limburg open A"]
[Site "Maastricht"]
[Date "2014.06.07"]
[Round "3"]
[White "Huesmann, Thomas"]
[Black "Bezemer, Arno"]
[Result "1/2-1/2"]
[WhiteElo "2191"]
[BlackElo "2324"]
[PlyCount "130"]
[EventDate "2014.06.06"]
[EventType "swiss"]
[EventRounds "7"]
[EventCountry "NED"]
[Source "P.Boonen"]
[SourceDate "2014.10.10"]

1. e4 c5 2. c3 Nf6 3. e5 Nd5 4. d4 cxd4 5. cxd4 d6 6. Nf3 e6 7. Nc3 Nxc3 8.
bxc3 Qc7 9. Bd2 Nd7 10. exd6 Bxd6 11. Bd3 b6 12. O-O Bb7 13. h3 O-O 14. Re1 Bd5
15. Ng5 h6 16. Ne4 Bf4 17. Rc1 Bh2+ 18. Kf1 f5 19. Ng3 Bxg3 20. fxg3 Qxg3 21.
Qe2 Bxg2+ 22. Qxg2 Qxd3+ 23. Kg1 Rae8 24. Bxh6 Rf7 25. Re3 Qc4 26. Rg3 Ree7 27.
Bg5 Nf6 28. Re1 Rd7 29. Bxf6 Rxf6 30. Qh2 Qd5 31. Qf2 f4 32. Rg4 f3 33. Rg3
Rdf7 34. Re3 Qf5 35. Re5 Qh7 36. Reg5 Rf5 37. Rg6 R5f6 38. R6g4 Qb1+ 39. Qf1
Qxf1+ 40. Kxf1 Rf5 41. Rg5 Rxg5 42. Rxg5 Rc7 43. Re5 Rxc3 44. Rxe6 Kf7 45. Rd6
Ra3 46. Kf2 Rxa2+ 47. Kxf3 b5 48. Ke4 b4 49. Rd7+ Kf6 50. Rb7 a5 51. Rb6+ Ke7
52. Kd5 Rh2 53. Rb7+ Kf6 54. Rb6+ Kf5 55. Rb5 Rxh3 56. Kc4+ Kf4 57. Rxa5 b3 58.
Ra1 b2 59. Rd1 g5 60. d5 Rh8 61. Kd4 Rb8 62. Rf1+ Kg3 63. Rb1 Kf2 64. Kc3 Rc8+
65. Kd3 g4 1/2-1/2

[Event "BPB Limburg open A"]
[Site "Maastricht"]
[Date "2014.06.07"]
[Round "3"]
[White "Jablonowski, Christoph"]
[Black "Sadikhov, Ulvi"]
[Result "1/2-1/2"]
[WhiteElo "2010"]
[BlackElo "2337"]
[PlyCount "56"]
[EventDate "2014.06.06"]
[EventType "swiss"]
[EventRounds "7"]
[EventCountry "NED"]
[Source "P.Boonen"]
[SourceDate "2014.10.10"]

1. d4 d6 2. c4 e5 3. dxe5 dxe5 4. Qxd8+ Kxd8 5. Nf3 f6 6. Nc3 Be6 7. b3 c6 8.
Bb2 Nd7 9. e3 Kc7 10. Be2 a5 11. O-O Nh6 12. Rfd1 Nf7 13. Rac1 Nc5 14. Nd2 Be7
15. Nde4 Nxe4 16. Nxe4 Rhd8 17. Nc3 Rxd1+ 18. Rxd1 Bd7 19. Na4 Bf5 20. g4 Be6
21. f4 g6 22. h4 Re8 23. g5 fxg5 24. fxg5 b6 25. Rf1 Bd6 26. Bg4 Nd8 27. Bxe6
Rxe6 28. Bc3 Bb4 1/2-1/2

[Event "BPB Limburg open A"]
[Site "Maastricht"]
[Date "2014.06.07"]
[Round "3"]
[White "Keetman, Maaike"]
[Black "De Wit, Albert"]
[Result "1-0"]
[WhiteElo "1956"]
[BlackElo "1999"]
[PlyCount "49"]
[EventDate "2014.06.06"]
[EventType "swiss"]
[EventRounds "7"]
[EventCountry "NED"]
[Source "P.Boonen"]
[SourceDate "2014.10.10"]

1. e4 g6 2. d4 c6 3. Nc3 d5 4. Be3 Bg7 5. Qd2 dxe4 6. Nxe4 Nf6 7. Nxf6+ exf6 8.
O-O-O Be6 9. Kb1 b5 10. Ne2 Nd7 11. h4 Nb6 12. Nf4 h5 13. Bd3 Nc4 14. Qe2 Qd6
15. d5 cxd5 16. Bxc4 bxc4 17. Qxc4 Rd8 18. Qb5+ Qd7 19. Nxd5 O-O 20. Nxf6+ Bxf6
21. Rxd7 Rxd7 22. Qa4 Rc8 23. Rc1 Bf5 24. Qa6 Rxc2 25. Rxc2 1-0

[Event "BPB Limburg open A"]
[Site "Maastricht"]
[Date "2014.06.07"]
[Round "3"]
[White "Lecomte, Robin"]
[Black "Coenen, Eduard"]
[Result "0-1"]
[WhiteElo "2038"]
[BlackElo "2093"]
[PlyCount "54"]
[EventDate "2014.06.06"]
[EventType "swiss"]
[EventRounds "7"]
[EventCountry "NED"]
[Source "P.Boonen"]
[SourceDate "2014.10.10"]

1. e4 g6 2. Nf3 Bg7 3. c4 d6 4. d4 Bg4 5. Be2 Nc6 6. Ng1 Bd7 7. Be3 e5 8. d5
Nd4 9. Nf3 Nxe2 10. Qxe2 f5 11. Nc3 Nf6 12. h3 O-O 13. O-O-O a6 14. Kb1 b5 15.
a3 Qb8 16. exf5 b4 17. axb4 Bxf5+ 18. Kc1 Qxb4 19. g4 Nxg4 20. Nh4 Nxe3 21.
fxe3 Bd7 22. Nf3 Rab8 23. Ng5 e4 24. Qc2 Qxc4 25. Qxe4 Qb3 26. Qc2 Qxc2+ 27.
Kxc2 Rf2+ 0-1

[Event "BPB Limburg open A"]
[Site "Maastricht"]
[Date "2014.06.07"]
[Round "3"]
[White "Lentjes, Noud"]
[Black "Cioara, Andrei Nestor"]
[Result "1-0"]
[WhiteElo "2054"]
[BlackElo "2438"]
[PlyCount "87"]
[EventDate "2014.06.06"]
[EventType "swiss"]
[EventRounds "7"]
[EventCountry "NED"]
[Source "P.Boonen"]
[SourceDate "2014.10.10"]

1. e4 d5 2. exd5 Nf6 3. d4 Bg4 4. Be2 Bxe2 5. Nxe2 Qxd5 6. O-O e6 7. Bf4 Bd6 8.
Nbc3 Qa5 9. Bxd6 cxd6 10. d5 e5 11. Ng3 O-O 12. Qd2 Nbd7 13. Nf5 Qb6 14. a4 a6
15. a5 Qc7 16. Ra4 g6 17. Ng3 Rfe8 18. Nge4 Nxe4 19. Nxe4 Kg7 20. b3 Rac8 21.
Rc4 Qb8 22. Qb4 Nc5 23. Nxc5 dxc5 24. Rxc5 Qd6 25. Rxc8 Qxb4 26. Rxe8 Kf6 27.
Rc8 Qd2 28. c4 Qxa5 29. c5 Qd2 30. d6 a5 31. Rc7 Qd5 32. Rc8 Ke6 33. Re8+ Kd7
34. Re7+ Kd8 35. b4 a4 36. Re1 f6 37. Rxh7 Qd2 38. Rf1 Qxb4 39. Rh8+ Kd7 40.
Rh7+ Kd8 41. d7 Qd4 42. c6 bxc6 43. Rb1 Qd6 44. Rb8+ 1-0

[Event "BPB Limburg open A"]
[Site "Maastricht"]
[Date "2014.06.07"]
[Round "3"]
[White "Mende, Andreas"]
[Black "Wislez, Francis"]
[Result "1-0"]
[WhiteElo "2165"]
[BlackElo "2002"]
[PlyCount "109"]
[EventDate "2014.06.06"]
[EventType "swiss"]
[EventRounds "7"]
[EventCountry "NED"]
[Source "P.Boonen"]
[SourceDate "2014.10.10"]

1. d4 Nf6 2. c4 g6 3. g3 Bg7 4. Bg2 c6 5. e4 d5 6. e5 Ng8 7. cxd5 cxd5 8. Nc3
e6 9. Nf3 h6 10. Bd2 Bd7 11. Qb3 Qb6 12. Qxb6 axb6 13. Ke2 Ne7 14. a4 O-O 15.
b3 Nbc6 16. Nb5 Na5 17. Bb4 Bxb5+ 18. axb5 Rfe8 19. Bxe7 Rxe7 20. b4 Ree8 21.
bxa5 bxa5 22. Rhc1 b6 23. Rc6 Reb8 24. Ra4 Bf8 25. Ne1 Be7 26. Nd3 Bd8 27. Kd2
Kf8 28. f4 Ke8 29. Nb2 Be7 30. Nd3 Bd8 31. g4 Kd7 32. Bf3 Be7 33. Bd1 Rb7 34.
Ra2 Rab8 35. Ke3 Ra7 36. Ba4 Rab7 37. Rac2 Ra7 38. Kf3 Rab7 39. f5 gxf5 40.
gxf5 Bf8 41. Nf4 Re8 42. Rg2 Kd8 43. fxe6 fxe6 44. Nxe6+ Ke7 45. Nf4 Rd8 46.
Rgg6 Ke8 47. Rce6+ Kd7 48. Nxd5 Kc8 49. Ke4 Kb8 50. Rxb6 Bb4 51. Rxb7+ Kxb7 52.
Rg7+ Kb8 53. b6 Rc8 54. Rc7 Rg8 55. Nf6 1-0

[Event "BPB Limburg open A"]
[Site "Maastricht"]
[Date "2014.06.07"]
[Round "3"]
[White "Miedema, David"]
[Black "Jeitz, Christian"]
[Result "0-1"]
[WhiteElo "2374"]
[BlackElo "2169"]
[PlyCount "46"]
[EventDate "2014.06.06"]
[EventType "swiss"]
[EventRounds "7"]
[EventCountry "NED"]
[Source "P.Boonen"]
[SourceDate "2014.10.10"]

1. d4 Nf6 2. c4 g6 3. f3 d5 4. cxd5 Nxd5 5. e4 Nb6 6. Nc3 Bg7 7. Be3 O-O 8. Qd2
Nc6 9. O-O-O f5 10. e5 Nb4 11. h4 e6 12. Kb1 N4d5 13. Nxd5 Nxd5 14. Bg5 Qd7 15.
Bc4 b6 16. h5 Bb7 17. h6 Bh8 18. Ne2 Rac8 19. Bxd5 Bxd5 20. Nf4 Rf7 21. Rc1 c5
22. dxc5 Bxa2+ 23. Kxa2 Qxd2 0-1

[Event "BPB Limburg open A"]
[Site "Maastricht"]
[Date "2014.06.07"]
[Round "3"]
[White "Nguyen, Kevin"]
[Black "Dijkhuis, Sven"]
[Result "1/2-1/2"]
[WhiteElo "1929"]
[BlackElo "1993"]
[PlyCount "73"]
[EventDate "2014.06.06"]
[EventType "swiss"]
[EventRounds "7"]
[EventCountry "NED"]
[Source "P.Boonen"]
[SourceDate "2014.10.10"]

1. e4 c5 2. Nc3 Nc6 3. Bb5 Nd4 4. Bc4 g6 5. Nf3 Bg7 6. Nxd4 cxd4 7. Qf3 Nh6 8.
Ne2 O-O 9. d3 Ng4 10. O-O Ne5 11. Qg3 Nxc4 12. dxc4 d6 13. Qd3 e5 14. Bd2 Be6
15. c3 f5 16. f3 Qb6 17. cxd4 fxe4 18. fxe4 Bg4 19. b3 Bxe2 20. Qxe2 Qxd4+ 21.
Qe3 Qc5 22. Qxc5 dxc5 23. Be3 b6 24. Rad1 Rfd8 25. Kf2 Kf7 26. Ke2+ Ke6 27. Rd5
Bf6 28. g3 Be7 29. Bh6 Rg8 30. Bc1 Rgf8 31. Rfd1 Rfd8 32. Ba3 Rxd5 33. exd5+
Kd6 34. Kd3 Rd8 35. Ke4 Rf8 36. h4 Bf6 37. Ke3 1/2-1/2

[Event "BPB Limburg open A"]
[Site "Maastricht"]
[Date "2014.06.07"]
[Round "3"]
[White "Offringa, Joost"]
[Black "Skutta, Bernd"]
[Result "1/2-1/2"]
[WhiteElo "2253"]
[BlackElo "2037"]
[PlyCount "37"]
[EventDate "2014.06.06"]
[EventType "swiss"]
[EventRounds "7"]
[EventCountry "NED"]
[Source "P.Boonen"]
[SourceDate "2014.10.10"]

1. c4 e5 2. g3 Nf6 3. Bg2 Nc6 4. Nc3 Bc5 5. Nf3 d6 6. O-O O-O 7. d3 h6 8. a3 a5
9. b3 Nd4 10. e3 Nxf3+ 11. Bxf3 c6 12. d4 Bb6 13. Bb2 Bh3 14. Re1 Qe7 15. Qc2
Rfe8 16. dxe5 dxe5 17. Ne4 Nxe4 18. Bxe4 Qg5 19. c5 1/2-1/2

[Event "BPB Limburg open A"]
[Site "Maastricht"]
[Date "2014.06.07"]
[Round "3"]
[White "Perrenet, Jacob"]
[Black "Harff, Wilfried"]
[Result "1-0"]
[WhiteElo "2086"]
[BlackElo "2149"]
[PlyCount "79"]
[EventDate "2014.06.06"]
[EventType "swiss"]
[EventRounds "7"]
[EventCountry "NED"]
[Source "P.Boonen"]
[SourceDate "2014.10.10"]

1. Nc3 d5 2. e4 c6 3. Qf3 d4 4. Bc4 e6 5. Nce2 Ne7 6. d3 b5 7. Bb3 Na6 8. c3 c5
9. Nh3 h6 10. O-O Bb7 11. Bf4 Nc6 12. Rac1 Qd7 13. a4 b4 14. Bc4 e5 15. Bd2 Nc7
16. cxd4 cxd4 17. Qg3 g5 18. f3 f6 19. Qg4 h5 20. Qxd7+ Kxd7 21. Nf2 Bd6 22.
Ng3 Raf8 23. Nf5 a5 24. h4 gxh4 25. Bh6 Rc8 26. Bg7 Rh7 27. Bxf6 Ba6 28. Bxh4
Bxc4 29. Rxc4 Na8 30. b3 Nb6 31. Rc2 Nb8 32. Rxc8 Nxc8 33. Nh3 Na6 34. Ng5 Rh8
35. Nf7 Re8 36. Rc1 Bf8 37. Bg3 Bd6 38. N5xd6 Nxd6 39. Nxe5+ Ke6 40. Rc6 {Time}
1-0

[Event "BPB Limburg open A"]
[Site "Maastricht"]
[Date "2014.06.07"]
[Round "3"]
[White "Rey, Fabrice"]
[Black "Voss, Gunther"]
[Result "1/2-1/2"]
[WhiteElo "2147"]
[BlackElo "2180"]
[PlyCount "104"]
[EventDate "2014.06.06"]
[EventType "swiss"]
[EventRounds "7"]
[EventCountry "NED"]
[Source "P.Boonen"]
[SourceDate "2014.10.10"]

1. d4 Nf6 2. c4 e6 3. g3 d5 4. Nf3 Bb4+ 5. Nbd2 dxc4 6. Qc2 b5 7. Bg2 O-O 8. a4
bxa4 9. Rxa4 a5 10. O-O Bb7 11. Nxc4 Be4 12. Qd1 Nbd7 13. Bd2 Bxd2 14. Ncxd2
Bd5 15. Nb3 Qb8 16. Nfd2 Qb5 17. Bxd5 Nxd5 18. Ra2 Nb4 19. Ra3 a4 20. Nc1 c5
21. dxc5 Nxc5 22. b3 Rfd8 23. bxa4 Qd7 24. Nd3 Nbxd3 25. exd3 Rxa4 26. Rxa4
Nxa4 27. Nc4 Nc3 28. Qf3 Qxd3 29. Qxd3 Rxd3 30. Ne3 h5 31. h4 f6 32. Ra1 Ne4
33. Kg2 Rd2 34. Rf1 Kh7 35. Kf3 f5 36. Kg2 Kh6 37. Nc4 Re2 38. Ne3 g5 39. hxg5+
Kxg5 40. Nc4 Kf6 41. Ne3 Ke5 42. Nd1 Kd4 43. Rh1 Rd2 44. Rf1 Kd3 45. Kf3 e5 46.
Ne3 Re2 47. Rd1+ Nd2+ 48. Kg2 Ke4 49. Ra1 Nb3 50. Rh1 f4 51. gxf4 exf4 52. Nc4
Kd3 1/2-1/2

[Event "BPB Limburg open A"]
[Site "Maastricht"]
[Date "2014.06.07"]
[Round "3"]
[White "Rihouay, Clement"]
[Black "Clemens, Adrian HP"]
[Result "1-0"]
[WhiteElo "2206"]
[BlackElo "2188"]
[PlyCount "75"]
[EventDate "2014.06.06"]
[EventType "swiss"]
[EventRounds "7"]
[EventCountry "NED"]
[Source "P.Boonen"]
[SourceDate "2014.10.10"]

1. e4 c5 2. Nf3 e6 3. d4 cxd4 4. Nxd4 Nc6 5. Nb5 d6 6. Bf4 e5 7. Be3 Nf6 8. Bg5
Be6 9. Bxf6 gxf6 10. Nd2 a6 11. Nc3 Bg7 12. Bd3 O-O 13. O-O Nb4 14. Nc4 d5 15.
exd5 Nxd5 16. Qh5 h6 17. Nxd5 Bxd5 18. Ne3 Be6 19. Nf5 Bxf5 20. Qxf5 Re8 21.
Rae1 e4 22. Rxe4 Re5 23. Qf3 Qb6 24. b3 Rae8 25. g3 R8e7 26. Rc4 Rc5 27. Rd1 a5
28. Qf4 Rce5 29. Rc8+ Re8 30. Rxe8+ Rxe8 31. Qf5 Qb4 32. Kg2 b6 33. Bc4 Qf8 34.
Rd7 Re7 35. Rd6 Qb8 36. Qd3 Qc7 37. Rd8+ Bf8 38. Qg6+ 1-0

[Event "BPB Limburg open A"]
[Site "Maastricht"]
[Date "2014.06.07"]
[Round "3"]
[White "Roos, Adrian"]
[Black "Snuverink, Laurens"]
[Result "1/2-1/2"]
[WhiteElo "2201"]
[BlackElo "2009"]
[PlyCount "101"]
[EventDate "2014.06.06"]
[EventType "swiss"]
[EventRounds "7"]
[EventCountry "NED"]
[Source "P.Boonen"]
[SourceDate "2014.10.10"]

1. d4 Nf6 2. c4 g6 3. Nc3 Bg7 4. e4 d6 5. Be2 Na6 6. Nf3 O-O 7. O-O e5 8. Re1
exd4 9. Nxd4 Re8 10. f3 Nc5 11. Be3 a5 12. Qd2 b6 13. Rad1 Bb7 14. Bf1 Qd7 15.
Bh6 Bh8 16. b3 Nh5 17. Nd5 Ne6 18. Nc2 Nf6 19. Nxf6+ Bxf6 20. e5 Bh8 21. exd6
c5 22. Be3 Rad8 23. Qf2 Qc6 24. Qg3 Ng7 25. Bg5 Rxe1 26. Qxe1 Rxd6 27. Ne3 Ne6
28. Nd5 Qd7 29. Be7 Rxd5 30. cxd5 Bd4+ 31. Kh1 Bxd5 32. Bh4 Qc6 33. Qg3 Kg7 34.
f4 Be4 35. Re1 Qd5 36. Bd3 Bxg2+ 37. Qxg2 Qxg2+ 38. Kxg2 Nxf4+ 39. Kf3 Nxd3 40.
Re2 b5 41. Bd8 a4 42. bxa4 bxa4 43. Ba5 a3 44. Ke4 Nc1 45. Rc2 f5+ 46. Kd5 Nd3
47. Bc3 Kf7 48. Kc4 Ne5+ 49. Kd5 Nd3 50. Kc4 Ne5+ 51. Kd5 1/2-1/2

[Event "BPB Limburg open A"]
[Site "Maastricht"]
[Date "2014.06.07"]
[Round "3"]
[White "Sanijs, Frans"]
[Black "Gerlagh, Joris"]
[Result "0-1"]
[WhiteElo "2045"]
[BlackElo "2103"]
[PlyCount "42"]
[EventDate "2014.06.06"]
[EventType "swiss"]
[EventRounds "7"]
[EventCountry "NED"]
[Source "P.Boonen"]
[SourceDate "2014.10.10"]

1. c4 Nf6 2. g3 g6 3. Bg2 d5 4. Nf3 Bg7 5. O-O O-O 6. cxd5 Nxd5 7. Nc3 Nc6 8.
Qc2 Be6 9. a3 Na5 10. Ng5 Nxc3 11. Nxe6 Nxe2+ 12. Kh1 fxe6 13. Rb1 Nd4 14. Qe4
Nac6 15. b4 a6 16. Bb2 Qd6 17. Bc3 Rad8 18. a4 b5 19. axb5 axb5 20. f4 Nb8 21.
Rfe1 Bf6 0-1

[Event "BPB Limburg open A"]
[Site "Maastricht"]
[Date "2014.06.07"]
[Round "3"]
[White "Schenning, Albert"]
[Black "Degro, Heiko"]
[Result "1-0"]
[WhiteElo "2017"]
[BlackElo "2042"]
[PlyCount "81"]
[EventDate "2014.06.06"]
[EventType "swiss"]
[EventRounds "7"]
[EventCountry "NED"]
[Source "P.Boonen"]
[SourceDate "2014.10.10"]

1. e4 c6 2. d4 d5 3. exd5 cxd5 4. c4 Nf6 5. Nc3 e6 6. Nf3 Be7 7. c5 O-O 8. b4
b6 9. Bb2 a5 10. a3 Ne4 11. Bd3 f5 12. O-O Bd7 13. Ne5 Bf6 14. Nxd7 Qxd7 15.
Na4 Bd8 16. f3 Nf6 17. b5 bxc5 18. Nxc5 Qd6 19. Nb7 Qb6 20. Nxd8 Rxd8 21. a4
Nbd7 22. Rc1 Rac8 23. Qd2 Ne5 24. Qe2 Nxd3 25. Qxd3 Ne8 26. Qe2 Kf7 27. Rfe1
Nf6 28. g3 Nd7 29. Kg2 Re8 30. Qd2 Nf6 31. Rxc8 Rxc8 32. Bc3 Ra8 33. Rc1 Ra7
34. Bb2 Rc7 35. Rxc7+ Qxc7 36. Qc3 Qc4 37. Qxc4 dxc4 38. Bc3 Nd5 39. Bxa5 c3
40. Bxc3 Nxc3 41. b6 1-0

[Event "BPB Limburg open A"]
[Site "Maastricht"]
[Date "2014.06.07"]
[Round "3"]
[White "Schiffers, Sascha"]
[Black "Van Helvoort, Rob"]
[Result "1/2-1/2"]
[WhiteElo "2079"]
[BlackElo "2140"]
[PlyCount "47"]
[EventDate "2014.06.06"]
[EventType "swiss"]
[EventRounds "7"]
[EventCountry "NED"]
[Source "P.Boonen"]
[SourceDate "2014.10.10"]

1. e4 Nf6 2. e5 Nd5 3. Nc3 Nxc3 4. bxc3 d6 5. f4 dxe5 6. fxe5 Qd5 7. Nf3 Bg4 8.
d4 Bxf3 9. Qxf3 Qxf3 10. gxf3 Nd7 11. Ba3 e6 12. Bxf8 Nxf8 13. Rb1 O-O-O 14.
Bd3 c6 15. Kf2 Rd5 16. Be4 Ra5 17. Rb2 Kc7 18. Rhb1 b6 19. c4 Ng6 20. c3 Ne7
21. Bc2 Ra3 22. Bb3 Rd8 23. Rd1 a6 24. Rd3 1/2-1/2